Aadhee raat ki santanaim/ (Record no. 141)

000 -LEADER
fixed length control field 00419nam a22001691a 4500
020 ## - INTERNATIONAL STANDARD BOOK NUMBER
ISBN 9788170555360
082 ## - DEWEY DECIMAL CLASSIFICATION NUMBER
Classification number H3 (FTr.)
Item number SAL/A
100 ## - MAIN ENTRY--AUTHOR NAME
Personal name Salman Rushdie
245 ## - TITLE STATEMENT
Title Aadhee raat ki santanaim/
Statement of responsibility, etc by Salman Rushdie
260 ## - PUBLICATION, DISTRIBUTION, ETC. (IMPRINT)
Place of publication New Delhi:
Name of publisher Vani,
Year of publication 1999.
300 ## - PHYSICAL DESCRIPTION
Number of Pages 586p.
650 ## - SUBJECT ADDED ENTRY--TOPICAL TERM
Topical Term Translation English Novel
650 ## - SUBJECT ADDED ENTRY--TOPICAL TERM
Topical Term Novel Hindi
650 ## - SUBJECT ADDED ENTRY--TOPICAL TERM
Topical Term Literature Hindi
650 ## - SUBJECT ADDED ENTRY--TOPICAL TERM
Topical Term Literature
942 ## - ADDED ENTRY ELEMENTS (KOHA)
Koha item type Book
Holdings
Withdrawn status Lost status Damaged status Not for loan Permanent Location Current Location Date acquired Cost, normal purchase price Full call number Accession Number Cost, replacement price Price effective from Koha item type
        Sree Sankaracharya University of Sanskrit Sree Sankaracharya University of Sanskrit 08.01.2015 495.00 H3 (FTr.) SAL/A 021394 0.00 08.01.2015 Book